Tech Talk. Intermediate. Student´s Book

Saved in:
Bibliographic Details
Main Authors: Hollett, Vicki, Sydes, John (Author)
Format: Book
Language:English
Published: Oxford Oxford University Press 2009
Subjects:
Online Access:View in OPAC
Tags: Add Tag
No Tags, Be the first to tag this record!

MARC

LEADER 00000nam a2200000 a 4500
005 20260127134133.0
008 101201 2009 enk 000 0 eng d
020 |a 9780194575416 
035 |a vtls010193703 
039 9 |y 201012011441  |z mschk03 
040 |a STUSCHK1  |b slo  |c STUSCHK1  |e AACR2 
080 |a 802.0 
100 1 |a Hollett, Vicki 
245 1 |a Tech Talk. Intermediate. Student´s Book  |c Vicki Hollett, John Sydes 
260 |a Oxford  |b Oxford University Press  |c 2009 
300 |a 119 s.  |b ill.  |c 27,5 cm 
650 0 |a angličtina 
700 1 |a Sydes, John  |4 aut 
910 |a SCHK95 
919 |a 978-0-19-457541-6 
999 |c 4944  |d 4944